長野駅で使用されている発車メロディー(現在) - Statistics

General Stats
  • This quiz has been taken 10 times
    6 since last reset
  • The average score is 5 of 6
Answer Stats
Answer % Correct
秋桜
100%
Twilight
100%
光と風と
83%
古いオルゴール
67%
スプリングボックス
67%
小川のせせらぎ
67%
No matching quizzes found
Score Distribution
Percent of People with Each Score
Percentile by Number Answered
Your Score History
You have not taken this quiz since the last reset